Top 10 poorest countries - Statistics

General Stats
  • This quiz has been taken 24 times
  • The average score is 4 of 10
Answer Stats
Hint Answer % Correct
$480.50 Central African Republic
84%
$303.15 South Sudan
63%
$263.67 Burundi
58%
$535.83 Niger
58%
$456.89 Democratic Republic of the Congo
47%
$399.10 Malawi
37%
$499.44 Afghanistan
26%
$455.01 Mozambique
21%
$518.47 Sierra Leone
21%
$514.85 Madagascar
0%
No matching quizzes found
Score Distribution
Percent of People with Each Score
Percentile by Number Answered
Your Score History
You have not taken this quiz